Shut Up and Sing (Record no. 333184)
[ view plain ]
| 000 -LEADER | |
|---|---|
| fixed length control field | 00514nam a2200097Ia 4500 |
| 008 - FIXED-LENGTH DATA ELEMENTS--GENERAL INFORMATION | |
| fixed length control field | 170517s9999 xx 000 0 und d |
| 245 ## - TITLE STATEMENT | |
| Title | Shut Up and Sing |
| 300 ## - PHYSICAL DESCRIPTION | |
| Extent | This Chicks flick by Barbara Kopple (Academy Award winner for Harlan County, U.S.A.) and Cecilia Peck is powerful testament to the inconvenient truth that free speech can come at a very high cost. The Dixie Chicks, Texas-based and one of country music's most successful... |
| 650 ## - SUBJECT ADDED ENTRY--TOPICAL TERM | |
| General subdivision | Art. |
| 856 ## - ELECTRONIC LOCATION AND ACCESS | |
| Uniform Resource Identifier | <a href="http://topdocumentaryfilms.com/shut-up-sing/">http://topdocumentaryfilms.com/shut-up-sing/</a> |
| Withdrawn status | Lost status | Damaged status | Home library | Current library | Date acquired | Total Checkouts | Date last seen | Price effective from | Koha item type |
|---|---|---|---|---|---|---|---|---|---|
| College Library | College Library | 05/17/2017 | 05/17/2017 | 05/17/2017 | Documentary Films |